| 000 | 00938cam a22002291a 4500 | ||
|---|---|---|---|
| 001 | 44639 | ||
| 003 | BD-RjUL | ||
| 005 | 20211209053907.0 | ||
| 008 | 160718s1963 miu s000 0 eng | ||
| 035 | _a(BD-RjUL)44757 | ||
| 035 | _a(OCoLC)1264851 | ||
| 040 |
_aDLC _cFO _dOCoLC _dODaWU _dMoSU-L _dOCoLC _dDLC _dBD-RjUL _beng |
||
| 041 | _aeng | ||
| 082 |
_a364.72 _bWEY 1963 |
||
| 100 | 1 |
_aWeeks, H. Ashley _q(Herbert Ashley), _d1903- _9136933 |
|
| 245 | 1 | 0 |
_aYouthful offenders at Highfields : _ban evaluation of the effects of the short-term treatment of delinquent boys / _cby H. Ashley Weeks ; with a foreword by Ernest W. Burgess and commentaries by Wellman J. Warner ... [et al.]. |
| 260 |
_aAnn Arbor : _bUniversity of Michigan Press, _c1959, c1958. |
||
| 300 |
_a208 p. ; _c24 cm. |
||
| 610 | 2 | 0 |
_aHighfields Experimental Treatment Project for Youthful Offenders (Hopewell, N.J.) _9136937 |
| 942 |
_2ddc _cBK |
||
| 999 |
_c44639 _d44639 |
||